| 000 | 00719nam a2200193 i 4500 | ||
|---|---|---|---|
| 001 | 24138 | ||
| 003 | ES-MaACL | ||
| 005 | 20250809080043.0 | ||
| 007 | t| | ||
| 008 | 021216s1909 fr ||||1| fre d | ||
| 245 | 0 | 2 |
_aL'Anthologie du Félibrige _b: morceaux choisis des grands poétes de la Renaissance méridionale au XIX.e siécle / _cavec avant propos et notices bibliographiques par Armand Praviel et J. R. de Brousse. |
| 260 |
_aParís : _bNouvelle Librairie Nationale, _c1909. |
||
| 300 |
_aXVI, 342 p. ; _c19 cm. |
||
| 650 | 4 |
_aPoesías provenzales. _9148458 |
|
| 700 | 1 |
_aPraviel, Armand, _d1875-1944 _993722 |
|
| 700 | 0 |
_aBrousse, J. R. de. _931965 |
|
| 852 |
_aES-MaACL _jF-9032 |
||
| 999 |
_c24138 _d24138 |
||